Gagak Yang Berlagak Helang (Riang-Ria Fabel Aesop)

Bibliographic Details
Format: Book
Published: Petaling Jaya : Kualiti Books Sdn.Bhd , 2003
Subjects:

MARC

LEADER 00000cam a2200000 7i4500
001 0000052329
005 20050907.0
008 050907s2003
020 |a 9831653033 
090 0 0 |a JF SIR 
245 0 0 |a Gagak Yang Berlagak Helang (Riang-Ria Fabel Aesop) 
260 |a Petaling Jaya :   |b Kualiti Books Sdn.Bhd ,   |c 2003 
300 |a 16p. :   |b col.ill ;   |c 22cm. 
650 0 0 |a Junior fiction, Malay 
999 |a 0000075078   |b Buku   |c Koleksi Pinjaman Kanak-Kanak   |e Perbadanan Perpustakaan Awam Melaka 
999 |a 0000075079   |b Buku   |c Koleksi Pinjaman Kanak-Kanak   |e PK Aeon Jaya Jusco 
999 |a 252939   |b Buku   |c Koleksi Pinjaman Kanak-Kanak   |e Perbadanan Perpustakaan Awam Melaka 
999 |a 252940   |b Buku   |c Koleksi Pinjaman Kanak-Kanak   |e Perpustakaan Cawangan Masjid Tanah